Регионална библиотека "Любен Каравелов" - Русе

Пътуване (Запис номер 171898)

MARC детайли
000 -Лидер
Контролно поле с фиксирана дължина 01692nam a2200385 c 4500
003 - Код на организацията, давaща контролен номер
Контролно поле BLK
005 - Дата и час на последна редакция
Контролно поле 20220608031509.0
008 - Елементи от данни с фиксирана дължина
fixed length control field 180411b bul|||||r ||||||| ||bul||
010 ## - Наследен системен номер
LC control number KNG00180190000
020 ## - Международен стандартен номер на книга ISBN
Международен стандартен номер на книга ISBN 978-954-8432-54-2
-- издат.: Книгомания
040 ## - Източник на каталожния запис
Идентификатор на билиотеката - собственик на записа BLK
041 ## - Код за език
Код за езика на текст/звукозапис или на отделно заглавие Български
Код за езика КДБФ Български
072 #7 - Код за тематичната категория
Код организация bullib
Код за тематична категория Н91
Текст География Н
080 ## - УДК
Текстов определител УДК Откривателски пътешествия. Експедиции
УДК код - определител по УДК 910.4
УДК определител (100)(036)
УДК - код + определител 910.4(100)(036)
139 ## - Редно поле
Редна дума Пътуване
Авторски знак Път - П 98
245 10 - Сведения за заглавието
Заглавие Пътуване
Подзаглавни данни 1000 малко известни места, които да посетите
Редно поле (дума) предг. от Бил Брайсън; прев. от англ. Илия Илиев.
257 ## - Страна на издаване
Страна на създаване/издаване Сборници - Свят
260 ## - Област на издателските данни
-- София
Име на издателя, разпространителя и проч. Книгомания
Година на издаване 2014
Печатница Отпеч. в Сингапур
300 ## - Физическа характеристика
Страници 336 с.
Илюстрации и др. с цв. ил.
Размери/Мащаб 31 см
380 ## - Жанр
Жанр География
500 ## - Общи забележки
Забележка Ориг. загл.: The road less travelled. - Името на прев. отбелязано на гърба на загл. с. - Геогр. показалец, азб. показалец.
650 #4 - Допълнително описание по предмет – тема
Основно описание – тема или топоним Пътешествия, околосветски
9 (RLIN) 317654
650 #4 - Допълнително описание по предмет – тема
Основно описание – тема или топоним Енциклопедии
9 (RLIN) 154961
651 #4 - Допълнително описание по предмет - топоним
Географско понятие Свят
9 (RLIN) 179507
653 ## - Ключова дума – ненормативна
Ключова дума пътешествия
653 ## - Ключова дума – ненормативна
Ключова дума енциклопедии
659 ## - Тематичен бюлетин
Тематичен бюлетин Н
700 1# - Други автори (авторска отговорност)
Лично име Брайсън, Бил
Автороска отговорност (Описва отношението между автора и произведението) предг. от
9 (RLIN) 382850
700 1# - Други автори (авторска отговорност)
Лично име Илиев, Илия
Автороска отговорност (Описва отношението между автора и произведението) прев. от англ.
Друга информация Кожухаров, Илия Илиев
9 (RLIN) 363839
852 ## - Местоположение
Форматна сигнатура Цб ІІ 20785
856 4# - Електронен адрес и достъп
Електронен формат pdf - файл
Път до файла /url/
856 4# - Електронен адрес и достъп
Електронен формат pdf - файл
Път до файла /url/
942 ## - АРТИКУЛИ
Вид на библиотечния материал Книги
Скрит в OPAC Не
944 ## - СЪЗДАВАНЕ И РЕДАКЦИЯ на ЗАПИСА
Създаване/Редакция Създаване
Дата на регистрацията/редакция 24.08.2015
Служител, извършил регистрацията/редакцията Виолета_Тройчева
944 ## - СЪЗДАВАНЕ И РЕДАКЦИЯ на ЗАПИСА
Създаване/Редакция Редакция
Дата на регистрацията/редакция 24.08.2015
Служител, извършил регистрацията/редакцията Пенка_Димитрова
999 ## - СИСТЕМНИ КОНТРОЛНИ НОМЕРА
Koha biblionumber 171898
Koha biblioitemnumber 171898
Наличности
Код за отписване Код за изгубен артикул Код за повреда Коз за рестрикции Код за отдаване Артикулен № Име на библиотеката - собственик Име на библиотеката, в която се намира в момента Статус (Текущо местоположение) Дата на вписване в системата Местоположение - отдел Цена в лева Инвентарен номер Систематично азбучна сигнатура Баркод Номер на екземпляра Цена в евро Служебна бележка Служебен тип на артикула
  Не е изгубен Не е повреден без рестрикции ползва се в читалня 292543 Регионална библиотека "Любен Каравелов" Русе Регионална библиотека "Любен Каравелов" Русе Хранилище 2015-08-24 Хранилище 49.90 120000791309 Цб ІІ 20785 120000791309 1 25.51 Дост: Dp Вид: Д N: 19 Дата: 22.04.2015 Книги
Vip Innovations Ltd, Rousse, Bulgaria 2025